|
|
|
|
| LEADER |
00000nam0a2200000 4500 |
| 001 |
189259 |
| 005 |
20231031175204.0 |
| 010 |
|
|
|a 9785992204865
|
| 035 |
|
|
|a (RuTPU)RU\TPU\book\205656
|
| 090 |
|
|
|a 189259
|
| 100 |
|
|
|a 20101222d2009 m y0rusy50 ca
|
| 101 |
0 |
|
|a rus
|
| 102 |
|
|
|a RU
|
| 105 |
|
|
|a y z 000ay
|
| 200 |
1 |
|
|a Вернуться из Готана
|e роман
|f В. Зырянцев
|
| 210 |
|
|
|a Москва
|c Альфа-книга
|d 2009
|
| 215 |
|
|
|a 311 с.
|
| 225 |
1 |
|
|a Фантастический боевик
|
| 330 |
|
|
|a В горах королевства Готан есть места, которые местные жители обходят стороной. Те, кто осмелится нарушить запрет, исчезают бесследно; недавно в одном из заповедных районов пропала группа ученых. Жители королевства тщательно хранят тайну и никому не рассказывают легенды о трех демонах, стерегущих возникающие в джунглях Врата Ада. Однако земля слухами полнится, и год за годом отчаянные смельчаки стремятся проникнуть к Воротам. Одних влечет жажда сокровищ, других — стремление познать тайны Того и Этого Света, третьих — желание овладеть силами Зла и самому стать демоном. Участники международной научной экспедиции, решившие исследовать загадки «готанского треугольника», волею судьбы оказываются в центре страшных и таинственных событий...
|
| 610 |
1 |
|
|a русская литература
|
| 610 |
1 |
|
|a романы
|
| 610 |
1 |
|
|a фантастика
|
| 610 |
1 |
|
|a боевики
|
| 675 |
|
|
|a Р2
|v 3
|
| 700 |
|
1 |
|a Зырянцев
|b В.
|g Владимир
|
| 801 |
|
1 |
|a RU
|b 63413507
|c 20101222
|
| 801 |
|
2 |
|a RU
|b 63413507
|c 20101229
|g RCR
|
| 942 |
|
|
|c BK
|